| 000 | 00524 a2200205 4500 | ||
|---|---|---|---|
| 005 | 20260124125454.0 | ||
| 008 | 260122b |||||||| |||| 00| 0 eng d | ||
| 020 |
_a9789356818828 _cRs. 695.00 |
||
| 040 | _aMAIN | ||
| 082 |
_a590 _bP881G |
||
| 100 | _aPrabhanshu Kumar | ||
| 245 | _aGATE 2026: Life Science: Zoology | ||
| 260 |
_bG K Publications _c2026 _aNew Delhi |
||
| 300 | _av. | ||
| 440 | _aGATE prep series | ||
| 650 | _aZoology | ||
| 650 | _aGATE-2026-Zoology | ||
| 700 | _aTripathi, Preeti | ||
| 942 | _cBK | ||
| 999 |
_c395131 _d395131 |
||